000 01139cam a22003014a 4500
999 _c516
_d516
001 12861041
003 OSt
005 20210215144831.0
008 020719s2003 moua 001 0 eng
010 _a 2002029507
020 _a0323016286
040 _aDLC
_cDLC
_dDLC
042 _apcc
050 0 0 _aQP34.5
_b.T49 2003
082 0 0 _aQS 4 T240 2003
_221
100 1 _aThibodeau, Gary A.; Patton, Kevin T.
_d1938-
_91333
245 1 0 _aAnatomy & Physiology
250 _a5th ed.
260 _aSt. Louis, Mo. :
_bMosby,
_cc2003.
300 _axxix, 1106 p. :
_bill. (some col.) ;
_c29 cm. +
_e1 CD-ROM (4 3/4 in.)
500 _aIncludes index.
538 _aa Systems requirement for accompanying CD-ROM: Windows 95, Pentium megahertz processor, 16M RAM, 16-bit color, 2x CD. Recommended: Windows 95, 98, NT 4.0, 2000, or XP; Pentium 2 processor, 64Mb RAM, 16x CD, 17" monitor.
650 0 _aPhysiology.
_9133
650 0 _aAnatomy.
_9134
906 _a7
_bcbc
_corignew
_d1
_eocip
_f20
_gy-gencatlg
942 _2z
_cSLOAN